Globalisation and war in Ivory Coast (Record no. 69622)

000 -LEADER
fixed length control field 00850pab a2200157 454500
008 - FIXED-LENGTH DATA ELEMENTS--GENERAL INFORMATION
fixed length control field 180718b2006 xxu||||| |||| 00| 0 eng d
100 ## - MAIN ENTRY--PERSONAL NAME
Personal name Custers, Peters
245 ## - TITLE STATEMENT
Title Globalisation and war in Ivory Coast
260 ## - PUBLICATION, DISTRIBUTION, ETC.
Date of publication, distribution, etc. 2006
300 ## - PHYSICAL DESCRIPTION
Extent p.1844-846.
362 ## - DATES OF PUBLICATION AND/OR SEQUENTIAL DESIGNATION
Dates of publication and/or sequential designation 13 May
520 ## - SUMMARY, ETC.
Summary, etc. For many years the Ivory Coast was cited as an example of successful post-colonial development, based largely on the expansion in cultivation of a single agricultural crop, i.e. cocoa beans. In the late 1990s, the World Bank and the International Monetary Fund imposed structural adjustment programmes on the country. Later the fall in cocoa prices at the farm level and smuggling transformed cocoa into an export product used to finance military campaigns. - Reproduced.
650 ## - SUBJECT ADDED ENTRY--TOPICAL TERM
Topical term or geographic name entry element Globalization
773 ## - HOST ITEM ENTRY
Main entry heading Economic and Political Weekly
909 ## -
-- 69622
Holdings
Withdrawn status Lost status Damaged status Not for loan Permanent Location Current Location Date acquired Serial Enumeration / chronology Barcode Date last seen Price effective from Koha item type
        Indian Institute of Public Administration Indian Institute of Public Administration 2018-07-19 Volume no: 41, Issue no: 19 AR70078 2018-07-19 2018-07-19 Articles

Powered by Koha